Metódy marketingového rozhodovania

Gespeichert in:
Bibliographische Detailangaben
1. Verfasser: Kita, Jaroslav
Körperschaft: Vysoká škola ekonomická v Bratislave. Obchodná fakulta
Weitere Verfasser: Richterová, Kornélia, Štaffa, Juraj, Repčeková, Dagmar
Format: Buch
Sprache:Slowakisch
Veröffentlicht: Bratislava Edičné stredisko Vysokej školy ekonomickej 1991
Tags: Tag hinzufügen
Keine Tags, Fügen Sie das erste Tag hinzu!

MARC

LEADER 00000nam a2200000 4500
001 c023870
005 20221214094212.4
020 |a 80-225-0299-5 
041 0 |a slo 
044 |a SK 
245 1 0 |a Metódy marketingového rozhodovania  |c Jaroslav Kita 
264 1 |a Bratislava  |b Edičné stredisko Vysokej školy ekonomickej  |c 1991 
300 |a 167 s. 
100 1 |a Kita, Jaroslav 
700 1 |a Richterová, Kornélia 
700 1 |a Štaffa, Juraj 
700 1 |a Repčeková, Dagmar 
710 2 |a Vysoká škola ekonomická v Bratislave. Obchodná fakulta